000 00906nam a2200253 a 4500
001 000007585
005 20250219074027.0
008 090909t2004 dr c 001 p spa d
020 _z994510005X
040 _aDO-SdBNP
_bspa
_cBNPHU
082 _aRD861.4408
_bS677r, 2004
245 0 0 _aSobre rieles :
_bantología de poetas de la provincia La Romana /
_ccompilador Isael Pérez.
250 _a2a ed.
260 _aSanto Domingo :
_bBúho,
_c2004.
300 _a243 p. :
_bil. ;
_c21 cm.
500 _aIncluye datos biográficos de autor en la solapa.
500 _aIncluye síntesis biográficas de los autores antologados.
590 _aInventariado, 2018/LP
650 4 _aPoesía dominicana
_xColecciones
_9351
650 0 _aLiteratura dominicana.
_967
650 4 _aPoetas dominicanos
_xSiglo xx
_921045
700 1 _aPérez, Isael,
_d1961-
_ecomp.
_91414
910 _aValidado. Control de calidad. EMS
999 _c7365
_d7365